Songs of the Ridings (Record no. 232561)
[ view plain ]
| 000 -LEADER | |
|---|---|
| fixed length control field | 01468cam a22002893a 4500 |
| 001 - CONTROL NUMBER | |
| control field | 3232 |
| 003 - CONTROL NUMBER IDENTIFIER | |
| control field | PGUSA |
| 005 - DATE AND TIME OF LATEST TRANSACTION | |
| control field | 20140828083029.0 |
| 008 - FIXED-LENGTH DATA ELEMENTS--GENERAL INFORMATION | |
| fixed length control field | 020501s2002||||xxu|||||s|||||000 p eng d |
| 040 ## - CATALOGING SOURCE | |
| Original cataloging agency | PGUSA |
| Language of cataloging | eng |
| 042 ## - AUTHENTICATION CODE | |
| Authentication code | dc |
| 050 #4 - LIBRARY OF CONGRESS CALL NUMBER | |
| Classification number | PR |
| 100 1# - MAIN ENTRY--PERSONAL NAME | |
| Personal name | Moorman, F. W. |
| Fuller form of name | (Frederic William), |
| Dates associated with a name | 1872-1919 |
| 245 10 - TITLE STATEMENT | |
| Title | Songs of the Ridings |
| Medium | [electronic resource] / |
| Statement of responsibility, etc | F. W. Moorman |
| 260 ## - PUBLICATION, DISTRIBUTION, ETC. (IMPRINT) | |
| Name of publisher, distributor, etc | Project Gutenberg, |
| Date of publication, distribution, etc | 2002 |
| 505 0# - FORMATTED CONTENTS NOTE | |
| Formatted contents note | A Dalesman's Litany -- Cambodunum -- Telling the Bees -- The Two Lamplighters -- Our Beck -- Lord George -- Jenny Storm -- The New Englishman -- The Bells of Kirkby Overblow -- The gardener and the Robin -- Lile Doad -- His last Sail -- One Year Older -- The Hungry Forties -- The Flowers of Knaresborough Forest -- The Miller by the Shore -- The Bride's Homecoming -- The Artist -- Marra to Bonney -- Mary Mecca -- The Local Preacher -- The Courting Gate -- Fieldfares -- A Song of the Yorkshire Dales -- The Flower of Wensleydale |
| 506 ## - RESTRICTIONS ON ACCESS NOTE | |
| Terms governing access | Public domain in the USA. |
| 516 ## - TYPE OF COMPUTER FILE OR DATA NOTE | |
| Type of computer file or data note | Electronic text |
| 653 ## - INDEX TERM--UNCONTROLLED | |
| Uncontrolled term | Yorkshire (England) -- Languages -- History -- Sources |
| 653 ## - INDEX TERM--UNCONTROLLED | |
| Uncontrolled term | Dialect poetry, English -- England -- Yorkshire |
| 653 ## - INDEX TERM--UNCONTROLLED | |
| Uncontrolled term | English poetry -- England -- Yorkshire |
| 653 ## - INDEX TERM--UNCONTROLLED | |
| Uncontrolled term | Yorkshire (England) -- Poetry |
| 653 ## - INDEX TERM--UNCONTROLLED | |
| Uncontrolled term | English language -- Dialects -- England -- Yorkshire -- Texts |
| 830 #0 - SERIES ADDED ENTRY--UNIFORM TITLE | |
| Uniform title | Project Gutenberg |
| Volume number/sequential designation | 3232 |
| 856 40 - ELECTRONIC LOCATION AND ACCESS | |
| Uniform Resource Identifier | <a href="http://www.gutenberg.org/ebooks/3232">http://www.gutenberg.org/ebooks/3232</a> |
| 942 ## - ADDED ENTRY ELEMENTS (KOHA) | |
| Koha item type | eBooks |
| Withdrawn status | Lost status | Damaged status | Home library | Current library | Date acquired | Total Checkouts | Date last seen | Price effective from | Koha item type |
|---|---|---|---|---|---|---|---|---|---|
| Project Gutenberg | Project Gutenberg | 08/28/2014 | 08/28/2014 | 08/28/2014 | eBooks |